| 000 | 01007cam a2200325 4500 | ||
|---|---|---|---|
| 008 | 090401t1998 xxu||||| |||| 00| 0 eng d | ||
| 020 | _a0854068856 | ||
| 035 | _a(Sirsi) u85995 | ||
| 041 | _aeng | ||
| 050 | _a711.52 | ||
| 110 |
_aRoyal Institution of Chartered Surveyors _94900 |
||
| 245 | _aAccessing private finance : the availability and effectiveness of private finance in urban regeneration. | ||
| 260 |
_aLondon _bRICS _c1998 |
||
| 300 | _a51p. ; 30cm. | ||
| 350 | _a9.95 | ||
| 520 | _aResearch project carried out by the Centre for Research on Property and Planning, University of Ulster. | ||
| 650 | _aPRIVATE FINANCE | ||
| 650 | _aPRIVATE SECTOR INVESTMENT | ||
| 650 | _aPRIVATE SECTOR | ||
| 650 | _aURBAN REGENERATION | ||
| 690 | _aURBAN RENEWAL | ||
| 700 | _aAdair, A. | ||
| 700 | _aBerry, James | ||
| 700 | _aDeddis, William | ||
| 700 | _aMcGreal, Stanley | ||
| 700 | _aHirst, Suzanne | ||
| 710 |
_aUniversity of Ulster _93068 |
||
| 942 | _n0 | ||
| 948 | _c06/05/1998 | ||
| 999 |
_c97097 _d97097 |
||